Новый специфический тревожный признак при анализе карт Шухарта; Заводская лаборатория. Диагностика материалов; Т. 76, № 12
| Parent link: | Заводская лаборатория. Диагностика материалов/ Издательство "Тест-ЗЛ".— , 1995-.— 0321-4265 Т. 76, № 12.— 2010 |
|---|---|
| मुख्य लेखक: | |
| सारांश: | Заглавие с титульного листа Электронная версия печатной публикации |
| भाषा: | रूसी |
| प्रकाशित: |
2010
|
| विषय: | |
| ऑनलाइन पहुंच: | http://www.lib.tpu.ru/fulltext/m/2011/m05.pdf |
| स्वरूप: | इलेक्ट्रोनिक पुस्तक अध्याय |
| KOHA link: | https://koha.lib.tpu.ru/cgi-bin/koha/opac-detail.pl?biblionumber=442938 |
MARC
| LEADER | 00000naa2a2200000 4500 | ||
|---|---|---|---|
| 001 | 442938 | ||
| 005 | 20240111143754.0 | ||
| 035 | |a (RuTPU)RU\TPU\prd\104600 | ||
| 035 | |a RU\TPU\prd\100631 | ||
| 090 | |a 442938 | ||
| 100 | |a 20110331d2010 k y0rusy50 ca | ||
| 101 | 0 | |a rus | |
| 102 | |a RU | ||
| 135 | |a drnn ---uucaa | ||
| 181 | 0 | |a i | |
| 182 | 0 | |a b | |
| 200 | 1 | |a Новый специфический тревожный признак при анализе карт Шухарта |f А. Г. Терещенко | |
| 203 | |a Текст |c электронный | ||
| 215 | |a 1 файл (253 Кб) | ||
| 300 | |a Заглавие с титульного листа | ||
| 300 | |a Электронная версия печатной публикации | ||
| 337 | |a Adobe Reader | ||
| 461 | 1 | |0 (RuTPU)RU\TPU\prd\1487 |x 0321-4265 |t Заводская лаборатория. Диагностика материалов |f Издательство "Тест-ЗЛ" |d 1995- | |
| 463 | 1 | |0 (RuTPU)RU\TPU\prd\104599 |t Т. 76, № 12 |d 2010 | |
| 610 | 1 | |a труды учёных ТПУ | |
| 610 | 1 | |a электронный ресурс | |
| 610 | 1 | |a внутрилабораторный контроль | |
| 610 | 1 | |a карты Шухарта | |
| 610 | 1 | |a ЛИУС | |
| 610 | 1 | |a LIMS | |
| 700 | 1 | |a Терещенко |b А. Г. |c химик-технолог |c заведующий лабораторией Томского политехнического университета, кандидат технических наук |f 1946- |g Анатолий Георгиевич |3 (RuTPU)RU\TPU\pers\25305 |9 11303 | |
| 801 | 1 | |a RU |b 63413507 |c 20080908 |g PSBO | |
| 801 | 2 | |a RU |b 63413507 |c 20110331 |g RCR | |
| 856 | 4 | |u http://www.lib.tpu.ru/fulltext/m/2011/m05.pdf | |
| 942 | |c BK | ||